[Event "SapporoAutumn2018"]
[Site "?"]
[Date "2018.10.07"]
[Round "1.1"]
[White "SATO, Yasuji"]
[Black "SUGIMOTO, Koichi"]
[Result "0-1"]
[WhiteElo "1585"]
[BlackElo "1982"]
[PlyCount "86"]
[SourceVersionDate "2018.10.07"]

1. e4 d5 2. Nf3 dxe4 3. Ng5 Bf5 4. Nc3 Nf6 5. Bc4 e6 6. O-O h6 7. Nh3 Bd6 8. d3
exd3 9. Bxd3 Bxh3 10. gxh3 Nc6 11. Ne4 O-O 12. Ng3 Ne5 13. f4 Nxd3 14. Qxd3
Bc5+ 15. Kh1 Qxd3 16. cxd3 Rad8 17. Rf3 Rd5 18. Be3 Rxd3 19. Bxc5 Rxf3 20. Bxf8
Kxf8 21. Rd1 Ke7 22. f5 Rf2 23. Re1 Rxb2 24. fxe6 fxe6 25. Nf5+ Kf7 26. Nd4 Rb6
27. a4 c5 28. a5 Ra6 29. Nb5 Rxa5 30. Nd6+ Ke7 31. Nf5+ Kf7 32. Nd6+ Kf8 33.
Rxe6 Ra6 34. Kg1 c4 35. Rxf6+ gxf6 36. Nxc4 Ra2 37. Nd6 b6 38. Nf5 b5 39. Nd6
b4 40. Ne4 b3 41. h4 b2 42. Nc3 Ra1+ 43. Kf2 Rc1 0-1

[Event "SapporoAutumn2018"]
[Site "?"]
[Date "2018.10.07"]
[Round "1.2"]
[White "YOSHII, Yukihiko"]
[Black "KOYAHATA, Taku"]
[Result "1-0"]
[WhiteElo "1820"]
[BlackElo "1425"]
[PlyCount "49"]
[SourceVersionDate "2018.10.07"]

1. c4 e5 2. Nc3 Nf6 3. Nf3 d6 4. d4 exd4 5. Nxd4 Nbd7 6. e4 Nc5 7. Qc2 Nfxe4 8.
Nxe4 Qe7 9. Bd3 Nxe4 10. Bxe4 f5 11. O-O fxe4 12. Re1 Qf7 13. Qxe4+ Be7 14. Bg5
O-O 15. Bxe7 Qxf2+ 16. Kh1 Re8 17. Rf1 Qxd4 18. Qxd4 Rxe7 19. Rf2 Be6 20. Raf1
Rae8 21. b3 b6 22. h3 h6 23. a4 a6 24. Qd3 Bf7 25. Rxf7 1-0

[Event "SapporoAutumn2018"]
[Site "?"]
[Date "2018.10.07"]
[Round "1.3"]
[White "ITO, Katsuhide"]
[Black "DRAKAKIS, Athanasios"]
[Result "0-1"]
[WhiteElo "1321"]
[BlackElo "1816"]
[Annotator "koiti-s"]
[PlyCount "72"]
[SourceVersionDate "2018.10.07"]

1. e4 d5 2. exd5 Qxd5 3. Nc3 Qa5 4. d4 Nf6 5. Bd2 e6 6. Bd3 c6 7. Nf3 Qh5 8.
Be2 Qa5 9. Ne4 Qd8 10. Bg5 Be7 11. Nxf6+ Bxf6 12. Bxf6 Qxf6 13. Ne5 O-O 14. O-O
c5 15. Ng4 Qxd4 16. Qxd4 cxd4 17. Ne5 f6 18. Nc4 Nc6 19. Bd3 Rd8 20. Rad1 e5
21. f4 Be6 22. Rde1 b5 23. Nd2 a6 24. Nf3 Bd5 25. fxe5 Bxf3 26. Rxf3 Nxe5 27.
Rf5 Rd6 28. b3 Rc8 29. a4 b4 30. Rf2 Nxd3 31. cxd3 Rc3 32. Re8+ Kf7 33. Rfe2
Rd7 34. Ra8 Rxd3 35. Rxa6 Rxb3 36. a5 d3 {Time} 0-1

[Event "SapporoAutumn2018"]
[Site "?"]
[Date "2018.10.07"]
[Round "1.4"]
[White "NISHIMORI, Toshiyuki"]
[Black "TAKEUCHI, Hiroshi"]
[Result "1-0"]
[WhiteElo "1797"]
[BlackElo "1248"]
[PlyCount "109"]
[SourceVersionDate "2018.10.07"]

1. e4 e6 2. d4 d5 3. Nc3 Nf6 4. e5 Nfd7 5. Nf3 h6 6. Bd3 Bb4 7. Bd2 Nc6 8. a3
Be7 9. O-O O-O 10. Ne2 Nb6 11. b3 Bd7 12. c3 a5 13. a4 Be8 14. Ng3 f5 15. exf6
Bxf6 16. h3 Kf7 17. Re1 Ke7 18. Bf4 Kd7 19. Qe2 Qe7 20. Bc1 Rh8 21. Bb5 Bg6 22.
Ne5+ Bxe5 23. Qxe5 Rae8 24. Bf4 Qd8 25. Qxg7+ Bf7 26. Qxf7+ Kc8 27. Rxe6 Ref8
28. Qxc7+ Qxc7 29. Bxc7 Kxc7 30. Bxc6 bxc6 31. Rae1 Nd7 32. Re7 Rb8 33. Rb1
Rhf8 34. Ne2 Rf6 35. f3 Rg8 36. Kf2 Rfg6 37. Rg1 Kd6 38. Rf7 Re8 39. Rh7 Rge6
40. Nf4 Rf6 41. Nh5 Rfe6 42. Ng3 Kc7 43. f4 Re3 44. Rc1 Rg8 45. Kxe3 Rxg3+ 46.
Kf2 Rd3 47. f5 Rd2+ 48. Kf3 h5 49. f6 Kd6 50. Rxd7+ Kxd7 51. Re1 Rd3+ 52. Kf4
Rd2 53. Kg5 Rxg2+ 54. Kxh5 Rh2 55. Re3 1-0

[Event "SapporoAutumn2018"]
[Site "?"]
[Date "2018.10.07"]
[Round "1.5"]
[White "NAKAMURA, Mitsuru"]
[Black "BRINKMANN, Leonard"]
[Result "0-1"]
[WhiteElo "1125"]
[BlackElo "1762"]
[PlyCount "82"]
[SourceVersionDate "2018.10.07"]

1. d4 d5 2. c4 Nc6 3. Nf3 e6 4. Nc3 Be7 5. e3 Nf6 6. Bd3 O-O 7. O-O Nb4 8. Be2
a5 9. a3 Na6 10. c5 Qe8 11. Bb5 Bd7 12. Be2 Kh8 13. Qc2 b6 14. cxb6 cxb6 15.
Bd2 Nc7 16. a4 Rc8 17. b3 b5 18. Qb2 b4 19. Nb5 Nxb5 20. axb5 Bxb5 21. Bxb5
Qxb5 22. Qa2 Bd8 23. Ne5 Ne4 24. Bc1 f6 25. Nf3 Bb6 26. Qb2 Qd3 27. Ne1 Qc3 28.
Qa2 h6 29. f3 Nd6 30. Bd2 Qc7 31. Nd3 Qc2 32. Ne1 Qxa2 33. Rxa2 e5 34. Nd3 exd4
35. exd4 Bxd4+ 36. Kh1 Bb6 37. Bf4 Nb5 38. Bd2 Nd4 39. Re1 Nxb3 40. Re6 Bd4 41.
Rxa5 Nxa5 0-1

[Event "SapporoAutumn2018"]
[Site "?"]
[Date "2018.10.07"]
[Round "2.1"]
[White "SUGIMOTO, Koichi"]
[Black "NISHIMORI, Toshiyuki"]
[Result "1-0"]
[WhiteElo "1982"]
[BlackElo "1797"]
[PlyCount "109"]
[SourceVersionDate "2018.10.07"]

1. d4 Nf6 2. c4 g6 3. Nc3 Bg7 4. e4 d6 5. Nf3 O-O 6. Be2 c5 7. d5 a6 8. O-O e6
9. h3 exd5 10. exd5 Re8 11. Bd3 Nbd7 12. Bf4 Nb6 13. a4 Ra7 14. a5 Na8 15. Qd2
b6 16. axb6 Qxb6 17. Rab1 Nh5 18. Bh2 Rae7 19. Na4 Qd8 20. b4 cxb4 21. Qxb4 Rd7
22. Rbe1 Rxe1 23. Rxe1 Bf8 24. Qb8 Bb7 25. Re8 Qxb8 26. Rxb8 Kg7 27. Nd4 Nf6
28. Nb3 Nxd5 29. cxd5 Bxd5 30. Nd2 Nc7 31. Nb6 Re7 32. Kf1 Bc6 33. Bxd6 Re1+
34. Kxe1 Bxd6 35. Nbc4 Bf4 36. g3 Bxd2+ 37. Nxd2 Ne6 38. Rb6 Nd4 39. Rxa6 Bg2
40. h4 Nc6 41. Be4 Nb4 42. Ra4 Bxe4 43. Nxe4 Nd3+ 44. Ke2 Ne5 45. f4 Ng4 46.
Ra7 Nh6 47. Kf3 Nf5 48. Rd7 h5 49. Nd6 Nd4+ 50. Kf2 Ne6 51. Rxf7+ Kh6 52. Re7
Ng7 53. Nf7+ Kh7 54. Ng5+ Kh6 55. Ra7 1-0

[Event "SapporoAutumn2018"]
[Site "?"]
[Date "2018.10.07"]
[Round "2.2"]
[White "BRINKMANN, Leonard"]
[Black "YOSHII, Yukihiko"]
[Result "1-0"]
[WhiteElo "1762"]
[BlackElo "1820"]
[PlyCount "53"]
[SourceVersionDate "2018.10.07"]

1. e4 e5 2. Nf3 d6 3. Bc4 Bg4 4. h3 Bxf3 5. Qxf3 Nf6 6. d3 Be7 7. Nc3 c6 8. a4
a5 9. Bd2 Nbd7 10. g4 h6 11. O-O-O Qc7 12. h4 O-O-O 13. g5 hxg5 14. hxg5 Nh7
15. Qf5 g6 16. Qxf7 Nxg5 17. Qxe7 Nf3 18. Rxh8 Rxh8 19. Be6 Rd8 20. Bg5 Nxg5
21. Qxg5 Kb8 22. Bxd7 Rxd7 23. Qxg6 Qb6 24. Qf6 Ka7 25. d4 exd4 26. Qxd4 c5 27.
Qc4 1-0

[Event "SapporoAutumn2018"]
[Site "?"]
[Date "2018.10.07"]
[Round "2.3"]
[White "DRAKAKIS, Athanasios"]
[Black "WATANABE, Katsumi"]
[Result "1-0"]
[WhiteElo "1816"]
[BlackElo "1705"]
[PlyCount "83"]
[SourceVersionDate "2018.10.07"]

1. d4 d5 2. Nf3 Nf6 3. e3 e6 4. Bd3 Be7 5. O-O O-O 6. Ne5 b6 7. f4 Bb7 8. Nd2
c5 9. c3 c4 10. Bc2 Nc6 11. Ndf3 Nxe5 12. Nxe5 Ne4 13. Qg4 f5 14. Qh3 Rf6 15.
Bxe4 dxe4 16. g4 Rh6 17. Qg2 b5 18. g5 Rh5 19. g6 Bd6 20. Nf7 Qf8 21. Ng5 hxg6
22. Nxe6 Qf6 23. Ng5 Re8 24. Bd2 Be7 25. Be1 Qd6 26. Bg3 Bxg5 27. fxg5 Qe7 28.
h4 Kf7 29. a3 Reh8 30. Rf4 Bd5 31. Raf1 Rd8 32. Qe2 Kg8 33. Rxf5 Rxh4 34. Re5
Qxe5 35. Bxe5 Be6 36. Rf4 Rh5 37. Qg2 Bf5 38. Kf2 Kf7 39. Ke2 Rdh8 40. Rxe4
Bxe4 41. Qxe4 Kg8 42. Qxg6 1-0

[Event "SapporoAutumn2018"]
[Site "?"]
[Date "2018.10.07"]
[Round "2.5"]
[White "TAKEUCHI, Hiroshi"]
[Black "SATO, Yasuji"]
[Result "0-1"]
[WhiteElo "1248"]
[BlackElo "1585"]
[PlyCount "56"]
[SourceVersionDate "2018.10.07"]

1. d4 d5 2. c4 e5 3. e3 Nc6 4. Nc3 Bb4 5. Bd2 Nf6 6. a3 Bxc3 7. Bxc3 exd4 8.
exd4 O-O 9. Bd3 Re8+ 10. Ne2 Ne7 11. O-O c6 12. Qc2 Ng6 13. Ng3 Nf4 14. f3 dxc4
15. Bxc4 b5 16. Bb3 N4d5 17. Rfe1 Be6 18. Bd2 Rc8 19. Ne4 Nxe4 20. fxe4 Nb6 21.
Bxe6 Rxe6 22. Bc3 Nc4 23. Qd3 Ne5 24. Qe2 Ng6 25. e5 Nf4 26. Qg4 Nd5 27. Qe4
Qg5 28. Bd2 Qxd2 0-1

[Event "SapporoAutumn2018"]
[Site "?"]
[Date "2018.10.07"]
[Round "2.6"]
[White "KOYAHATA, Taku"]
[Black "NAKAMURA, Mitsuru"]
[Result "0-1"]
[WhiteElo "1425"]
[BlackElo "1125"]
[PlyCount "46"]
[SourceVersionDate "2018.10.07"]

1. d4 d5 2. c4 c6 3. e3 Nf6 4. Nf3 e6 5. Bd3 Nbd7 6. Nc3 dxc4 7. Bxc4 b5 8. Bd3
a6 9. O-O Be7 10. e4 Qc7 11. e5 Nd5 12. Ne4 O-O 13. Kh1 f6 14. b3 fxe5 15. Neg5
Bxg5 16. Nxg5 N5f6 17. Nxe6 Qd6 18. Nxf8 Kxf8 19. Qc2 g6 20. dxe5 Nxe5 21. Rd1
Nd5 22. Be4 Ng4 23. Bxd5 Qxh2# 0-1

[Event "SapporoAutumn2018"]
[Site "?"]
[Date "2018.10.07"]
[Round "3.1"]
[White "BRINKMANN, Leonard"]
[Black "SUGIMOTO, Koichi"]
[Result "1-0"]
[WhiteElo "1762"]
[BlackElo "1982"]
[PlyCount "79"]
[SourceVersionDate "2018.10.07"]

1. f4 d5 2. Nf3 Nf6 3. e3 c5 4. Bb5+ Bd7 5. Qe2 a6 6. Bxd7+ Nbxd7 7. O-O g6 8.
b3 Bg7 9. Bb2 O-O 10. a4 Rc8 11. Na3 e6 12. c4 Qe7 13. a5 Ne8 14. Bxg7 Nxg7 15.
Qd3 Nf6 16. Qc3 Rfd8 17. Nc2 Nf5 18. Rae1 d4 19. exd4 cxd4 20. Qb4 Qxb4 21.
Nxb4 Rc5 22. Re5 Nd7 23. Nd3 Rcc8 24. Re4 Nf6 25. Ree1 h5 26. Ng5 Ne7 27. Rc1
Nc6 28. b4 Kg7 29. Rc2 Nh7 30. Ne4 f5 31. Nec5 Kf7 32. Nxb7 Rd7 33. Nbc5 Ra7
34. Nb3 Rb8 35. Ne5+ Nxe5 36. fxe5 Rxb4 37. Nxd4 Rc7 38. d3 Ra4 39. Nb3 Rb7 40.
Nc5 1-0

[Event "SapporoAutumn2018"]
[Site "?"]
[Date "2018.10.07"]
[Round "3.3"]
[White "YOSHII, Yoshihiko"]
[Black "SATO, Yasuji"]
[Result "1-0"]
[WhiteElo "1820"]
[BlackElo "1585"]
[PlyCount "227"]
[SourceVersionDate "2018.10.07"]

1. c4 Nf6 2. Nc3 e6 3. d4 b6 4. Bg5 Be7 5. Nf3 Bb7 6. e3 h6 7. Bh4 d6 8. Be2
Ng4 9. Bg3 h5 10. h4 Nd7 11. e4 Ndf6 12. d5 Qd7 13. Ng5 exd5 14. cxd5 Nh7 15.
Bf4 O-O-O 16. Nxf7 Nxf2 17. Kxf2 Bxh4+ 18. Rxh4 Qxf7 19. Bxh5 Qf8 20. Qg4+ Kb8
21. Ke3 Nf6 22. Qg6 Re8 23. Kd3 Nxh5 24. Rxh5 Qxf4 25. Rf5 Ba6+ 26. Kc2 Qe3 27.
Rd1 Reg8 28. Rf3 Qh6 29. Qg4 Rf8 30. Rd2 Bc8 31. Qg3 g5 32. Rdf2 Qg7 33. Rxf8
Rxf8 34. Rxf8 Qxf8 35. Qxg5 Qf2+ 36. Qd2 Qc5 37. Qe2 a5 38. a3 Ka7 39. Qb5 Qf2+
40. Qe2 Qc5 41. Qf3 b5 42. Kb1 Ba6 43. g3 Qd4 44. Qf7 Kb7 45. Qd7 Qd3+ 46. Ka1
b4 47. Qc6+ Kb8 48. Qe8+ Ka7 49. axb4 axb4 50. Nb1 b3 51. Qc6 Qxe4 52. Qxc7+
Bb7 53. Qxd6 Qxd5 54. Qxd5 Bxd5 55. Nc3 Be6 56. Kb1 Kb6 57. Kc1 Kc5 58. Kd1 Kd4
59. Kd2 Ke5 60. Ke3 Kf5 61. Kf3 Kg5 62. Ne4+ Kg6 63. g4 Bc4 64. Kf4 Bd3 65. Nc5
Bc2 66. Nd7 Bd1 67. g5 Bc2 68. Ne5+ Kg7 69. Ke3 Bf5 70. Kd4 Bc2 71. Kc3 Bd1 72.
Kd2 Bc2 73. Kc3 Bd1 74. Kd4 Bc2 75. Kd5 Bf5 76. Nf3 Bc2 77. Ke5 Bg6 78. Nd4 Bf7
79. Kf4 Bc4 80. Nf5+ Kg6 81. Nh4+ Kg7 82. Nf3 Bd5 83. Ne5 Be6 84. Ke4 Bg8 85.
Kf5 Bd5 86. g6 Bg8 87. Kg5 Be6 88. Nc6 Bd5 89. Ne7 Be6 90. Nf5+ Kg8 91. Kf6 Bc4
92. Nh6+ Kh8 93. g7+ Kh7 94. Ng4 Kg8 95. Ne5 Bd5 96. Nd7 Bc4 97. Nc5 Bf7 98.
Ne4 Bd5 99. Nf2 Bc4 100. Ng4 Bd5 101. Nh6+ Kh7 102. g8=Q+ Bxg8 103. Nxg8 Kxg8
104. Ke5 Kf7 105. Kd4 Ke6 106. Kc3 Kd5 107. Kxb3 Kc5 108. Ka4 Kc6 109. Ka5 Kb7
110. Kb5 Ka7 111. Kc6 Ka6 112. b4 Ka7 113. b5 Ka8 114. Kc7 1-0

[Event "SapporoAutumn2018"]
[Site "?"]
[Date "2018.10.07"]
[Round "3.4"]
[White "NISHIMORI, Toshiyuki"]
[Black "ITO, Katsuhide"]
[Result "1-0"]
[WhiteElo "1797"]
[BlackElo "1321"]
[Annotator "koiti-s"]
[PlyCount "99"]
[SourceVersionDate "2018.10.07"]

1. e4 c5 2. Nf3 Nc6 3. d4 cxd4 4. Nxd4 Nf6 5. Nc3 e5 6. Ndb5 d6 7. Bg5 a6 8.
Na3 b5 9. Bxf6 gxf6 10. Nd5 f5 11. Bd3 Be6 12. Qh5 Bg7 13. O-O h6 14. c4 bxc4
15. Nxc4 O-O 16. Rac1 fxe4 17. Bxe4 f5 18. Nf6+ Rxf6 19. Bxc6 Rc8 20. Bb7 Rxc4
21. Rxc4 Bxc4 22. Rc1 d5 23. b3 Qd7 24. bxc4 Qxb7 25. cxd5 Qxd5 26. h3 Kh7 27.
Qe2 Rg6 28. f3 e4 29. f4 Bd4+ 30. Kh2 e3 31. g3 Rc6 32. Rb1 Rb6 33. Rc1 Rb2 34.
Rc2 Rb1 35. Qg2 Qxg2+ 36. Kxg2 Rd1 37. Rc7+ Kg8 38. Kf3 Rd2 39. g4 Rf2+ 40. Kg3
e2 41. Re7 Kf8 42. Re6 Kf7 43. gxf5 Bc5 44. h4 Bd4 45. h5 Bc5 46. Re5 Kf6 47.
a3 Bd4 48. Re8 Kxf5 49. a4 Rxf4 50. Rxe2 {Time} 1-0

[Event "SapporoAutumn2018"]
[Site "?"]
[Date "2018.10.07"]
[Round "3.5"]
[White "WATANABE, Katsumi"]
[Black "NAKAMURA, Mitsuru"]
[Result "0-1"]
[WhiteElo "1705"]
[BlackElo "1125"]
[PlyCount "90"]
[SourceVersionDate "2018.10.07"]

1. d4 Nf6 2. Nf3 g6 3. c4 Bg7 4. e3 d6 5. Be2 O-O 6. O-O e5 7. dxe5 dxe5 8.
Qxd8 Rxd8 9. Nxe5 Nbd7 10. Nf3 Ne4 11. Rd1 b6 12. Nbd2 Bb7 13. Nb3 a5 14. Nbd4
Ndc5 15. Rb1 f5 16. Bd2 Kf7 17. Be1 h5 18. a3 a4 19. Bb4 Nb3 20. Nxb3 axb3 21.
c5 bxc5 22. Bc4+ Ke7 23. Be1 Rxd1 24. Rxd1 Bxb2 25. Nh4 Nd6 26. Bxb3 Rxa3 27.
Bc2 Kf6 28. Nf3 Bxf3 29. gxf3 g5 30. Kg2 Bc3 31. e4 Bxe1 32. Rxe1 fxe4 33. fxe4
Ke5 34. f3 Ra2 35. Re2 Nb5 36. Bd3 Rxe2+ 37. Bxe2 Nd4 38. Bd1 Kf4 39. h3 c4 40.
h4 gxh4 41. Kh3 c3 42. Kxh4 c2 43. Bxc2 Nxc2 44. Kxh5 Nd4 45. Kg6 Ke5 0-1

[Event "SapporoAutumn2018"]
[Site "?"]
[Date "2018.10.07"]
[Round "3.6"]
[White "TAKEUCHI, Hiroshi"]
[Black "KOBAYASHI, Katsuhiko"]
[Result "0-1"]
[WhiteElo "1248"]
[BlackElo "1488"]
[PlyCount "84"]
[SourceVersionDate "2018.10.07"]

1. d4 b6 2. c4 Bb7 3. Nc3 e6 4. e3 Bb4 5. Bd2 Nf6 6. Bd3 Bxc3 7. Bxc3 Bxg2 8.
Nf3 Bxh1 9. Kd2 Bxf3 10. Qxf3 d5 11. Rg1 g6 12. Qf4 Ne4+ 13. Bxe4 dxe4 14. Qxe4
Nd7 15. d5 f5 16. Qxe6+ Qe7 17. Bxh8 Qxe6 18. dxe6 Nc5 19. Bf6 Ne4+ 20. Kd3
Nxf6 21. Kd4 Ke7 22. Ke5 Ng4+ 23. Kf4 Kxe6 24. e4 Nxf2 25. exf5+ gxf5 26. Rg7
Nd3+ 27. Kg5 f4 28. Kg4 Rf8 29. Kf3 Nxb2 30. Rxh7 Nxc4 31. Rh6+ Kf5 32. Rh5+
Kg6 33. Rd5 c5 34. h4 Rf5 35. Rd8 Ne5+ 36. Kf2 f3 37. Rg8+ Kf7 38. Rg3 c4 39.
Rg5 Rxg5 40. hxg5 c3 41. Ke3 c2 42. Kd2 f2 0-1

[Event "SapporoAutumn2018"]
[Site "?"]
[Date "2018.10.08"]
[Round "4.1"]
[White "DRAKAKIS, Athanasios"]
[Black "BRINKMANN, Leonard"]
[Result "1/2-1/2"]
[WhiteElo "1816"]
[BlackElo "1762"]
[PlyCount "70"]
[SourceVersionDate "2018.10.07"]

1. d4 c5 2. e3 e6 3. Bd3 cxd4 4. exd4 Nc6 5. c3 Nf6 6. Nf3 d6 7. O-O Be7 8. Re1
O-O 9. Bc2 b6 10. Nbd2 Bb7 11. Ne4 Rc8 12. Nxf6+ Bxf6 13. Qd3 g6 14. Bh6 Re8
15. Ba4 a6 16. Re3 b5 17. Bb3 Na5 18. Rae1 Nxb3 19. axb3 Qd7 20. Ng5 Qc6 21.
Ne4 Bh8 22. Rg3 Rcd8 23. h4 Qd5 24. Rg5 Qxb3 25. h5 Bxe4 26. Qxe4 f6 27. Rxg6+
Kf7 28. Rg3 f5 29. Qb7+ Re7 30. Qxa6 Bf6 31. Qa3 Qc4 32. b3 Qc6 33. Qb2 Rb8 34.
Qd2 Ree8 35. Qe3 Qd5 1/2-1/2

[Event "SapporoAutumn2018"]
[Site "?"]
[Date "2018.10.08"]
[Round "4.3"]
[White "NISHIMORI, Toshiyuki"]
[Black "YOSHII, Yukihiko"]
[Result "0-1"]
[WhiteElo "1797"]
[BlackElo "1820"]
[PlyCount "66"]
[SourceVersionDate "2018.10.07"]

1. e4 e5 2. Nf3 Nc6 3. Bc4 Nf6 4. Ng5 d5 5. exd5 Na5 6. Bb5+ c6 7. dxc6 bxc6 8.
Ba4 h6 9. Nf3 Bd6 10. d3 Qc7 11. h3 O-O 12. O-O Bb7 13. Bd2 c5 14. Nc3 a6 15.
Re1 Nc6 16. Ne4 Nxe4 17. dxe4 Rad8 18. c3 c4 19. Qe2 Nb8 20. Rad1 Nd7 21. Bxd7
Rxd7 22. Nh4 Rfd8 23. Nf5 Bf8 24. Bc1 Rxd1 25. Rxd1 Rxd1+ 26. Qxd1 Bxe4 27. Ng3
Bd3 28. Qg4 Qc6 29. Nf5 Kh7 30. Qg3 Bxf5 31. Qxe5 Qg6 32. g4 Bd3 33. f4 Qe4 0-1

[Event "SapporoAutumn2018"]
[Site "?"]
[Date "2018.10.08"]
[Round "4.4"]
[White "KOBAYASHI, Katsuhiko"]
[Black "WATANABE, Katsumi"]
[Result "0-1"]
[WhiteElo "1488"]
[BlackElo "1705"]
[PlyCount "74"]
[SourceVersionDate "2018.10.07"]

1. e4 e5 2. Nf3 d6 3. Be2 Nf6 4. Nc3 Be7 5. O-O O-O 6. d3 Nc6 7. Bg5 h6 8. Be3
Nh7 9. Nd5 f5 10. Nxe7+ Nxe7 11. c3 f4 12. Qb3+ Kh8 13. Bd2 b6 14. d4 Ng6 15.
dxe5 dxe5 16. Rad1 Qe7 17. c4 c5 18. Bc3 Bg4 19. Rfe1 Bxf3 20. Bxf3 Nh4 21. Kh1
Nxf3 22. gxf3 Rae8 23. Rd5 Qh4 24. Qc2 Ng5 25. Rd3 Qh3 26. Qe2 Rf6 27. Rg1 Qe6
28. Rxg5 hxg5 29. Rd5 Qh3 30. Bxe5 Rh6 31. Bxg7+ Kxg7 32. Rxg5+ Kh7 33. Rg2 Rg8
34. Qf1 Qxf3 35. e5 Rhg6 36. e6 Rxg2 37. e7 Rg1# 0-1

[Event "SapporoAutumn2018"]
[Site "?"]
[Date "2018.10.08"]
[Round "4.5"]
[White "SATO, Yasuji"]
[Black "KOYAHATA, Taku"]
[Result "0-1"]
[WhiteElo "1585"]
[BlackElo "1425"]
[PlyCount "116"]
[SourceVersionDate "2018.10.07"]

1. e4 c5 2. Nf3 d6 3. Bc4 Nf6 4. c3 Nxe4 5. O-O Nf6 6. d4 b6 7. Ng5 e6 8. Re1
Be7 9. Qf3 d5 10. Na3 Nbd7 11. Bd3 Bb7 12. Bf4 cxd4 13. Nb5 e5 14. Qh3 h6 15.
cxd4 Bc8 16. Bf5 Ne4 17. Nxf7 Kxf7 18. Qh5+ Kf8 19. Be6 Qe8 20. Qxe8+ Kxe8 21.
Nc7+ Kd8 22. Bxd7 Kxc7 23. Bxc8 exf4 24. Bf5 Bf6 25. Bxe4 dxe4 26. Rxe4 Rhe8
27. Rxf4 Re2 28. Rb1 Rae8 29. Kf1 R2e4 30. Rxe4 Rxe4 31. d5 Rd4 32. b3 Rxd5 33.
Ke2 Kd6 34. Rd1 Rxd1 35. Kxd1 Kc5 36. Kc2 Kb4 37. f3 Ka3 38. Kb1 a5 39. g3 Kb4
40. Kc2 Ka3 41. Kb1 a4 42. bxa4 Kxa4 43. Kc2 Kb4 44. h4 Kc4 45. h5 Bg5 46. f4
Bxf4 47. gxf4 Kd4 48. a4 Kc4 49. f5 Kb4 50. Kd3 Kxa4 51. Ke4 b5 52. Ke5 b4 53.
f6 gxf6+ 54. Kxf6 b3 55. Kg6 b2 56. Kxh6 b1=Q 57. Kg7 Qg1+ 58. Kf7 Qg5 0-1

[Event "SapporoAutumn2018"]
[Site "?"]
[Date "2018.10.08"]
[Round "4.6"]
[White "ITO, Katsuhide"]
[Black "TAKEUCHI, Hiroshi"]
[Result "1-0"]
[WhiteElo "1321"]
[BlackElo "1248"]
[PlyCount "79"]
[SourceVersionDate "2018.10.07"]

1. e4 e6 2. d4 d5 3. Nc3 dxe4 4. Nxe4 Nc6 5. Bb5 a6 6. Bxc6+ bxc6 7. Nf3 Nf6 8.
Qe2 Be7 9. b3 a5 10. Bb2 O-O 11. O-O Bb7 12. Rfd1 Qd5 13. Nc5 Bc8 14. c4 Qh5
15. Qe5 Qxe5 16. Nxe5 Rd8 17. Nxc6 Re8 18. Bc3 Bd7 19. Nxa5 Bf8 20. d5 Bc8 21.
b4 e5 22. Re1 Bd6 23. Ne4 Nxe4 24. Rxe4 Bf5 25. Ree1 e4 26. c5 Be5 27. Bxe5
Rxe5 28. Rad1 Rd8 29. Nc6 Rde8 30. Nxe5 Rxe5 31. d6 cxd6 32. Rxd6 h6 33. a4 Kh7
34. a5 Re7 35. c6 Ra7 36. Red1 Bg4 37. R1d4 Bf5 38. Rd7 Bxd7 39. Rxd7 Rxd7 40.
cxd7 1-0

[Event "SapporoAutumn2018"]
[Site "?"]
[Date "2018.10.08"]
[Round "5.2"]
[White "DRAKAKIS, Athanasios"]
[Black "SUGIMOTO, Koichi"]
[Result "1/2-1/2"]
[WhiteElo "1816"]
[BlackElo "1982"]
[Annotator "koiti-s"]
[PlyCount "58"]
[SourceVersionDate "2018.10.07"]

1. d4 d5 2. Nf3 Nf6 3. c3 c5 4. e3 Nbd7 5. Bd3 e6 6. O-O Bd6 7. Nbd2 O-O 8. Re1
b6 9. e4 dxe4 10. Nxe4 Be7 11. dxc5 Nxc5 12. Nxc5 Bxc5 13. Bg5 Bb7 14. Qe2 Be7
15. Rad1 Qc7 16. Ne5 h6 17. Bh4 Rad8 18. Bg3 Qc5 19. Bc2 Qc8 20. f4 Ba6 21. Qf3
Bb7 22. Qe2 Bc5+ 23. Kh1 Ba6 24. Qf3 Bb7 25. Qe2 {(=)} Rxd1 26. Rxd1 Rd8 27.
Rxd8+ Qxd8 28. Bh4 Be7 29. Qd3 Qxd3 {(=)} 1/2-1/2

[Event "SapporoAutumn2018"]
[Site "?"]
[Date "2018.10.08"]
[Round "5.3"]
[White "YOSHII, Yukihiko"]
[Black "ITO, Katsuhide"]
[Result "1-0"]
[WhiteElo "1820"]
[BlackElo "1321"]
[Annotator "koiti-s"]
[PlyCount "71"]
[SourceVersionDate "2018.10.07"]

1. c4 c5 2. Nc3 Nc6 3. g3 g6 4. Bg2 Bg7 5. Nf3 Nf6 6. O-O O-O 7. e3 d6 8. d4
cxd4 9. exd4 d5 10. c5 a6 11. a3 Qc7 12. Bf4 e5 13. Nxe5 Ne4 14. Nxg6 Qd8 15.
Nxf8 Nxc3 16. bxc3 Bxf8 17. Qb3 Na5 18. Qxd5 Be6 19. Qg5+ Qxg5 20. Bxg5 h6 21.
Bf4 Rd8 22. Bc7 Rd7 23. Bxa5 Be7 24. Rab1 Bc4 25. Rfe1 b5 26. cxb6 Bd6 27. Re8+
Kg7 28. b7 Bb5 29. b8=Q Bxb8 30. Rxb8 Re7 31. Bd5 Bd3 32. R1b7 Re1+ 33. Kg2
Bf1+ 34. Kf3 Be2+ 35. Kf4 Bh5 36. Bc7 {Time} 1-0

[Event "SapporoAutumn2018"]
[Site "?"]
[Date "2018.10.08"]
[Round "5.4"]
[White "WATANABE, Katsumi"]
[Black "NISHIMORI, Toshiyuki"]
[Result "1-0"]
[WhiteElo "1705"]
[BlackElo "1797"]
[PlyCount "55"]
[SourceVersionDate "2018.10.07"]

1. d4 Nf6 2. Nf3 d5 3. g3 Nc6 4. Bg2 Bf5 5. O-O e6 6. b3 Nb4 7. Na3 Be7 8. Bb2
a6 9. c4 O-O 10. Ne5 dxc4 11. Naxc4 c6 12. a3 b5 13. axb4 bxc4 14. Nxc6 Qc7 15.
Nxe7+ Qxe7 16. Bxa8 Rxa8 17. Ra4 Qb7 18. f3 cxb3 19. Qxb3 Qb5 20. Rf2 Rc8 21.
Ra5 Qb6 22. Rc5 Rb8 23. e4 Bg6 24. Rfc2 Nd7 25. Rc8+ Rxc8 26. Rxc8+ Nf8 27. Qc4
f6 28. Qc5 1-0

[Event "SapporoAutumn2018"]
[Site "?"]
[Date "2018.10.08"]
[Round "5.5"]
[White "KOYAHATA, Taku"]
[Black "TAKEUCHI, Hiroshi"]
[Result "0-1"]
[WhiteElo "1425"]
[BlackElo "1248"]
[PlyCount "42"]
[SourceVersionDate "2018.10.07"]

1. d4 d5 2. c4 Nf6 3. e3 g6 4. Nc3 dxc4 5. Bxc4 Bg7 6. Nf3 O-O 7. O-O Nc6 8.
Bd3 b6 9. Ne4 Bb7 10. Nxf6+ Bxf6 11. Bd2 e5 12. Bc3 exd4 13. exd4 Nxd4 14. Be2
Nxe2+ 15. Qxe2 Bxc3 16. bxc3 Re8 17. Rad1 Rxe2 18. Rxd8+ Rxd8 19. Nd4 Rxa2 20.
Rc1 c5 21. Nc2 Rxc2 0-1

[Event "SapporoAutumn2018"]
[Site "?"]
[Date "2018.10.08"]
[Round "5.6"]
[White "SATO, Yasuji"]
[Black "KOBAYASHI, Katsuhiko"]
[Result "0-1"]
[WhiteElo "1585"]
[BlackElo "1488"]
[PlyCount "80"]
[SourceVersionDate "2018.10.07"]

1. e4 e5 2. Bc4 Nf6 3. Nf3 Nc6 4. d4 Nxd4 5. Nxe5 Ne6 6. O-O Bd6 7. f4 Bc5+ 8.
Kh1 Nxe4 9. f5 Nf2+ 10. Rxf2 Bxf2 11. fxe6 fxe6 12. Nc3 O-O 13. Nf3 Rxf3 14.
Qxf3 Qh4 15. Ne4 d5 16. Nxf2 Qxc4 17. Ng4 Qxc2 18. Ne5 Qf5 19. Bf4 b6 20. g4
Qe4 21. Rc1 Qxf3+ 22. Nxf3 c5 23. Ne5 Bb7 24. Kg1 Rf8 25. Rf1 d4 26. b3 Ba6 27.
Rf2 d3 28. g5 Rxf4 29. Nxd3 Rg4+ 30. Rg2 Rxg2+ 31. Kxg2 Bxd3 32. Kf3 Bb1 33. a3
Ba2 34. b4 c4 35. Ke3 e5 36. Kd2 e4 37. h4 Bb1 38. h5 c3+ 39. Kxc3 e3 40. Kb2
e2 0-1